[Event "Prague Summer op-B 10th"]
[Site "Prague"]
[Date "2023.08.07"]
[Round "5"]
[White "Jankovsky, Zbynek"]
[Black "Pokorny, Jiri"]
[Result "0-1"]
[WhiteElo "1604"]
[BlackElo "1813"]
[PlyCount "160"]
[EventDate "2023.08.04"]
[EventType "swiss"]
[EventRounds "9"]
[EventCountry "CZE"]
[SourceTitle "EXT 2024"]
[Source "ChessBase"]
[SourceDate "2023.10.10"]
[SourceVersion "1"]
[SourceVersionDate "2023.10.10"]
[SourceQuality "1"]

1. d4 Nf6 2. Bf4 g6 3. e3 Bg7 4. Bd3 0-0 5. Nd2 d5 6. h3 b6 7. Ngf3 Na6 8. c3 c5 9. 0-0 Bb7 10. Qe2 c4 11. Bc2 b5 12. b4 Nc7 13. a4 a6 14. a5 Re8 15. Be5 Nd7 16. Bxc7 Qxc7 17. Rfd1 Rad8 18. Nf1 f6 19. Nh4 e5 20. Qg4 Nf8 21. Qg3 Bc8 22. e4 Bb7 23. exd5 Rxd5 24. Be4 Rd6 25. Bxb7 Qxb7 26. Rd2 Red8 27. Rad1 exd4 28. Rxd4 Rxd4 29. cxd4 Ne6 30. Qe3 Qd5 31. Qf3 Nxd4 32. Qxd5+ Rxd5 33. Ne3 Ne2+ 34. Kf1 Rxd1+ 35. Nxd1 Nd4 36. Nc3 g5 37. Nf3 Nxf3 38. gxf3 f5 39. Na2 Kf7 40. Ke2 Ke6 41. Ke3 Ke5 42. Nc3 f4+ 43. Kd2 Bf8 44. Na2 Kd4 45. Kc2 Bg7 46. Nc3 Be5 47. Kd2 Bd6 48. Ne2+ Kd5 49. Nc3+ Ke5 50. Na2 Bb8 51. Nc3 Ba7 52. Ne4 h6 53. Kc3 Bd4+ 54. Kc2 Kd5 55. Kd2 Ke5 56. Kc2 Ke6 57. Kd2 Kf5 58. Nd6+ Kg6 59. Ne4 h5 60. Ke2 Kf5 61. Nd6+ Ke6 62. Ne4 Kd5 63. Nxg5 Bc3 64. Ne4 Bxb4 65. Nf6+ Kd4 66. Nxh5 Ke5 67. Ng7 Bf8 68. Ne8 Bd6 69. h4 Kd5 70. h5 Be5 71. h6 c3 72. Kd3 b4 73. h7 b3 74. Nc7+ Kd6 75. Nxa6 c2 76. Kd2 Bb2 77. Nb4 c1Q+ 78. Ke2 Bc3 79. Nd3 Qd2+ 80. Kf1 Qxd3+ 0-1

[Event "Ricany op 20th"]
[Site "Ricany"]
[Date "2022.09.03"]
[Round "9"]
[White "Cabart, Pavel"]
[Black "Jankovsky, Zbynek"]
[Result "0-1"]
[WhiteElo "1757"]
[BlackElo "1552"]
[PlyCount "42"]
[EventDate "2022.08.27"]
[EventType "swiss"]
[EventRounds "9"]
[EventCountry "CZE"]
[SourceTitle "CBM 210 Extra"]
[Source "ChessBase"]
[SourceDate "2022.11.30"]
[SourceVersion "1"]
[SourceVersionDate "2022.11.30"]
[SourceQuality "1"]

1. e4 e6 2. Nf3 c5 3. d4 cxd4 4. Nxd4 Nc6 5. Nc3 Bb4 6. Nxc6 bxc6 7. Bd3 Ne7 8. 0-0 Bxc3 9. bxc3 0-0 10. c4 e5 11. Ba3 Re8 12. Bd6 Ng6 13. Qg4 c5 14. Bxc5 d6 15. Qg3 dxc5 16. Rab1 Ba6 17. Rb3 Qa5 18. a3 Rad8 19. h4 Nf4 20. Kh1 Rd6 21. Qf3 Ne6 0-1

[Event "Liberec op 20th"]
[Site "Liberec"]
[Date "2020.02.25"]
[Round "4"]
[White "Paldus, Petr"]
[Black "Jankovsky, Zbynek"]
[Result "1-0"]
[WhiteElo "2009"]
[BlackElo "1561"]
[PlyCount "63"]
[EventDate "2020.02.22"]
[EventType "swiss"]
[EventRounds "9"]
[EventCountry "CZE"]
[SourceTitle "CBM 195 Extra"]
[Source "ChessBase"]
[SourceDate "2020.05.31"]
[SourceVersion "1"]
[SourceVersionDate "2020.05.31"]
[SourceQuality "1"]

1. e4 e6 2. d4 c5 3. d5 exd5 4. exd5 Bd6 5. Nf3 Ne7 6. c4 0-0 7. Bd3 Ng6 8. 0-0 Ne5 9. Nxe5 Bxe5 10. Qh5 f5 11. Bxf5 Rxf5 12. Qxf5 d6 13. Qh5 Nd7 14. Nc3 Nf6 15. Qh4 Qf8 16. Bf4 Ng4 17. Bxe5 Nxe5 18. Rfe1 Ng6 19. Qg3 Bf5 20. Re3 Qf6 21. Rae1 Rf8 22. b3 Ne5 23. Ne4 Bxe4 24. Rxe4 Qh6 25. f4 Ng6 26. Qg5 Nxf4 27. Qxh6 gxh6 28. Re8 Nd3 29. Rxf8+ Kxf8 30. Re6 Nc1 31. Rxh6 Nxa2 32. Rxh7 1-0

[Event "Pardubice Czech op-D 28th"]
[Site "Pardubice"]
[Date "2017.07.23"]
[Round "2"]
[White "Jankovsky, Zbynek"]
[Black "Lang, Maximilian"]
[Result "1-0"]
[WhiteElo "1674"]
[BlackElo "1426"]
[PlyCount "89"]
[EventDate "2017.07.22"]
[EventType "swiss"]
[EventRounds "9"]
[EventCountry "CZE"]
[SourceTitle "CBM 179 Extra"]
[Source "ChessBase"]
[SourceDate "2017.08.23"]
[SourceVersion "1"]
[SourceVersionDate "2017.08.23"]
[SourceQuality "1"]

1. c4 Nf6 2. Nc3 g6 3. d4 a6 4. e4 d6 5. b4 Bg7 6. Bb2 0-0 7. Nf3 Nc6 8. a3 Bg4 9. Be2 Nh5 10. d5 Ne5 11. Nxe5 Bxe2 12. Nxe2 Bxe5 13. Bxe5 dxe5 14. 0-0 f6 15. f4 Nxf4 16. Nxf4 exf4 17. Rxf4 Qd6 18. Qd2 Qe5 19. Raf1 Rf7 20. Qd3 a5 21. b5 b6 22. a4 Raf8 23. g4 h5 24. gxh5 Qxh5 25. Qg3 Kg7 26. Rg4 Rc8 27. Rf5 Qh6 28. Rff4 g5 29. Rf5 Kf8 30. h3 Ke8 31. e5 Qg6 32. Rgf4 Rg7 33. Rf2 Rf7 34. exf6 exf6 35. d6 Rd7 36. Rxf6 Qb1+ 37. Rf1 Qxf1+ 38. Rxf1 cxd6 39. Qf3 Kd8 40. Qd5 Rc5 41. Qa8+ Rc8 42. Rf8+ Ke7 43. Qxc8 d5 44. Re8+ Kd6 45. Qc6# 1-0